| 000 | 00519nam a2200193 a 4500 | ||
|---|---|---|---|
| 001 | 000049169 | ||
| 003 | DO-SdBNP | ||
| 005 | 20220407112810.0 | ||
| 007 | ta | ||
| 008 | 190724s1991 dr 000 spa d | ||
| 040 |
_aDO-SdBNP _bspa _cBNPHU |
||
| 082 | 4 |
_bR353 _222 |
|
| 100 | 1 |
_aReid Cabral, Donald J. _976497 |
|
| 245 | 1 | 0 |
_aDiscursos de una década. / _cDonald J. Reid Cabral. |
| 260 |
_aSanto Domingo : _bCENAPEC, _c1991. |
||
| 300 |
_a252 p. ; _c21 cm. |
||
| 590 | _aInventariado, 2019 / DG | ||
| 942 |
_2ddc _cLBS1 |
||
| 999 |
_c48657 _d48657 |
||